| 000 -LEADER | |
|---|---|
| fixed length control field | 00326nam a22001217a 4500 |
| 020 ## - INTERNATIONAL STANDARD BOOK NUMBER | |
| ISBN | 9780340496268 |
| 050 ## - LIBRARY OF CONGRESS CALL NUMBER | |
| Classification number | RT 62 dev |
| 100 ## - MAIN ENTRY--AUTHOR NAME | |
| Personal name | Lesley Baillie (ed) |
| 245 ## - TITLE STATEMENT | |
| Title | DEVELOPING practical nursing skills |
| 260 ## - PUBLICATION, DISTRIBUTION, ETC. (IMPRINT) | |
| Place of publication | London |
| Name of publisher | Bookpower Arnold |
| Year of publication | 2007 |
| 300 ## - PHYSICAL DESCRIPTION | |
| Number of Pages | xvii, 539., bibliographic references and index |
| 942 ## - ADDED ENTRY ELEMENTS (KOHA) | |
| Koha item type | Books |
| Koha item type | Shelving location | Accession Number | Permanent Location | Current Location | Date acquired | Full call number |
|---|---|---|---|---|---|---|
| Books | Reference | 0837 | Chapman Library | Chapman Library | 2017-02-07 | RT 62 dev |
| Books | Reference | 0838 | Chapman Library | Chapman Library | 2017-02-07 | RT 62 dev |

